000 00560nam a2200181Ia 4500
008 090124s9999 xx 000 0 und d
082 _b38403
100 _aधोंड म. वा.
245 _a काव्याची भूषणे
250 _a2
260 _bपद्मगंधा प्रकाशन
_c2002
300 _a191
600 _aधोंड म. वा.
630 _a काव्याची भूषणे
700 _aधोंड म. वा.
730 _a काव्याची भूषणे
942 _cBOOK
999 _c104425
_d104425